Investigaciones Semánticas /

Guardat en:
Dades bibliogràfiques
Autor principal: Todorov, Tzvetan (autor)
Altres autors: Apresian, J. (autor) (autor), Lounsbury, F.G. (autor) (autor)
Format: Llibre
Idioma:espanyol
Col·lecció:(Semiótica y Epistemología)
Matèries:
Etiquetes: Afegir etiqueta
Sense etiquetes, Sigues el primer a etiquetar aquest registre!

MARC

LEADER 00000nam^a2200000^a^4500
001 000074792
005 20250521000000.0
009 20260310091718.765
037 |a Acervo ITESO - Biblioteca 
041 |a ESP 
082 |a 418.  |b TOD 
100 |a Todorov, Tzvetan  |e (autor) 
245 1 0 |a Investigaciones Semánticas /  |c T. Todorov, J. Apresian, F.G. Lounsbury. 
264 |a Buenos Aires, Argentina :  |b Nueva Visión,  |c 1978 
300 |a 137 p. 
336 |a texto  |b txt  |2 rdacontenido 
337 |a sin mediación  |b n  |2 rdamedio 
338 |a volumen  |b nc  |2 rdasoporte 
440 1 |a (Semiótica y Epistemología) 
500 |a Traducción de: Recherches Sémantiques 
649 |a XX 
650 |a Semiótica 
650 |a Semiótica 
650 |a Lingüística 
650 |a Estructuralismo 
650 |a Lingüística Estructural 
700 |a Apresian, J.  |e (autor) 
700 |a Lounsbury, F.G.  |e (autor) 
910 |a Fondo Armando Suárez Gómez 
920 |a Impresos - Libros 
930 |a Fondos Especiales 
905 |a 111 
901 |a 0700004962  |b IT2  |c ESP  |u 20250521 
902 |a https://opac.biblio.iteso.mx/vufind/Record/000074792